000 01332nam a2200265Ia 4500
003 OSt
005 20251114093735.0
008 210210b2017 xxu||||| |||| 00| 0 eng d
040 _cAL
041 _aKannada
082 _aK894.4 PRIM
100 _aPRITI NAGARAJA
_dಪ್ರೀತಿ ನಾಗರಾಜ್
_9245503
245 _aMirchi mandakki samputa 1
_bಮಿರ್ಚಿ ಮಂಡಕ್ಕಿ: ಅಂಕಣ ಬರಹಗಳು 1
260 _aBengaluru
_b-
_c2017
300 _axiv,258
440 _a1
_9245504
520 _aರ್ಚಿ ಮಂಡಕ್ಕಿ -ಕೃತಿಯು ಪ್ರಜಾವಾಣಿ ಪತ್ರಿಕೆಯ ಕಾಮನಬಿಲ್ಲು ಪುರವಣಿಯಲ್ಲಿ ಪ್ರಕಟವಾದ ಪ್ರೀತಿ ನಾಗರಾಜ ಅವರ ಅಂಕಣ ಬರಹಗಳ ಸಂಕಲನವಾಗಿದೆ. ಲವಲವಿಕೆಯ ಬರಹಗಳ ಮೂಲಕ ಪರಿಚಿತರಾಗಿರುವ ಪ್ರೀತಿ ಅವರು ಈ ಕೃತಿಯಲ್ಲಿ ಸಾಂದರ್ಭಿಕ ವಿಷಯಗಳ ಕುರಿತು ಲೇಖನಗಳನ್ನು ಬರೆದಿದ್ದಾರೆ
650 _asamputa
_9245505
650 _aMirchi
_9245506
650 _amandakki
_9245507
650 _a1
_9245508
690 _aKannada Prose
_9245509
906 _a072357
942 _2ddc
_cBK
999 _c122379
_d122379